Complete the Titles of Songs by The Beatles #2 - Statistics

General Stats
  • This quiz has been taken 140 times
  • The average score is 14 of 15
Answer Stats
Answer % Correct
All You Need Is {Love}
99%
We Can Work It {Out}
99%
Love Me {Do}
98%
Please Please {Me}
97%
Strawberry Fields {Forever}
97%
With A Little Help From My {Friends}
97%
A Hard Day’s {Night}
96%
Sgt Pepper’s Lonely Heart’s Club {Band}
96%
A Day In The {Life}
95%
I Am The {Walrus}
95%
She Loves {You}
95%
{Help}!
94%
Don’t Let Me {Down}
91%
Paperback {Writer}
91%
Come {Together}
89%
No matching quizzes found
Score Distribution
Percent of People with Each Score
Percentile by Number Answered
Your Score History
You have not taken this quiz